000 00349nam a2200145Ia 4500
008 230917s9999||||xx |||||||||||||| ||und||
040 _e37694
_aMAIN
041 _aEnglish
082 _a823.7 T325C:T
100 _aCarey, John
245 0 _aThackery prodigal genius
260 _aLondon
_bFaber and Faber
_c1977
300 _a208 p.
942 _cBK
999 _c185783
_d185783